000 00417nam a22001457a 4500
020 _a0 7277 2008 2
082 _a624.1774
_bBRO
_cL-36, P-138
100 _aBroughton, Peter
_943137
245 _aThe analysis of cable and catenary structures
250 _a1st ed.
260 _aGreat Britain
_bCromwell Press, Melksham.
_c1994
526 _a0
_b0
_c0
_d624_177400000000000_BRO
650 _aMCE
_9379
942 _2ddc
_cBK
999 _c546941
_d546941